00715nam a2200217Ia 4500008004100000020002900041040001500070100002500085245009700110260003400207300004800241336002600289337002800315338002700343500002000370504004100390650002900431700001900460003000100479005001700480  a9780122007514 (hardback) aNUSTcNUST1 aDally, William James10aPrinciples and practices of interconnection networks /cWilliam James Dally and Brian Towles aAmsterdam :bElsevier,c2004. axxiii, 550 pages :billustrations ;c26 cm. atextbtxt2rdacontent aunmediatedbn2rdamedia avolumebnc2rdacarrier aIncludes index. aIncludes bibliographical references. 0aEngineering instruments.1 aTowles, Brian.20230123141203.0